[Event "IV AD San Juan GM"]
[Site "Pamplona ESP"]
[Date "2010.07.29"]
[Round "6"]
[White "Wojtaszek,R"]
[Black "Granda Zuniga,J"]
[Result "1-0"]
[WhiteElo "2663"]
[BlackElo "2639"]

1.d4 d5 2.c4 dxc4 3.e4 e5 4.Nf3 exd4 5.Bxc4 Bb4+ 6.Nbd2 Nc6 7.O-O Qf6 8.e5 Qg6
9.Nh4 Qg4 10.Ndf3 Be6 11.Bxe6 fxe6 12.Qb3 O-O-O 13.h3 Qe4 14.Qxe6+ Kb8 15.a3 Be7
16.Nf5 g6 17.Nxe7 Ngxe7 18.Bg5 Qd5 19.Qxd5 Rxd5 20.Rad1 Re8 21.Rfe1 a5 22.g4 a4
23.Kg2 Nc8 24.Bf6 Nb6 25.e6 d3 26.Re3 Nc4 27.Rexd3 Rxd3 28.Rxd3 Rxe6 29.Bc3 Rd6
30.Rxd6 Nxd6 31.Ng5 h6 32.Ne6 Kc8 33.f4 Ne7 34.Bg7 Nf7 35.Kf3 b6 36.Nf8 c6
37.Ke4 b5 38.Bd4 Kc7 39.Bc5 Nd6+ 40.Kd4 g5 41.fxg5 hxg5 42.Ne6+ Kd7 43.Nxg5 Nc4
44.Nf3  1-0

[Event "IV AD San Juan GM"]
[Site "Pamplona ESP"]
[Date "2010.07.30"]
[Round "7"]
[White "Granda Zuniga,J"]
[Black "Morozevich,A"]
[Result "1/2-1/2"]
[WhiteElo "2639"]
[BlackElo "2715"]

1.d4 Nf6 2.c4 e6 3.Nc3 Bb4 4.Qc2 O-O 5.a3 Bxc3+ 6.Qxc3 d5 7.Nf3 dxc4 8.Qxc4 b6
9.g3 Bb7 10.Bg2 Bd5 11.Qa4 Qd7 12.Qxd7 Nbxd7 13.O-O c5 14.Be3 c4 15.Nd2 Bxg2
16.Kxg2 b5 17.f3 Nb6 18.Bf2 Rfc8 19.Rfc1 Rc6 20.e4 Rac8 21.Nb1 Na4 22.Rc2 Nd7
23.Nc3 Nxc3 24.bxc3 Ra6 25.g4 Kf8 26.g5 Ke7 27.Be3 e5 28.Rb2 Ra5 29.Kf2 Rc6
30.Bc1 Nb6 31.Rab1 a6 32.Rc2 Rd6 33.Bb2 Na4 34.Ba1 h6 35.h4 hxg5 36.hxg5 Nb6
37.Bb2 Na4 38.Ba1 Nb6 39.Bb2 Rd8 40.Rh1 Na4 41.Ba1 Nb6 42.Bb2 Nd7 43.Kg3 Nf8
44.f4 exf4+ 45.Kxf4 Ne6+ 46.Kg4 b4 47.axb4 Rxg5+ 48.Kf3 f5 49.Bc1 fxe4+ 50.Kxe4 Rg6
51.Rf2 Rg4+ 52.Ke3 Ng5 53.Rf5 Ke6 54.Re5+ Kd6 55.Rh5 Ne6 56.Rd5+ Ke7 57.Rxd8 Kxd8
58.Kf3 Rg6 59.d5 Nc7 60.Bf4 Kd7 61.Rf5 Nb5 62.Rf7+ Ke8 63.Rb7 Nxc3 64.d6 Nb5
65.Rb8+ Kd7 66.Rb7+ Kc8 67.Rb8+ Kd7 68.Rb7+ Kd8 69.Rb8+ Kd7 70.Rb7+ Kd8 71.Rb8+  1/2-1/2

[Event "IV AD San Juan GM"]
[Site "Pamplona ESP"]
[Date "2010.08.01"]
[Round "9"]
[White "Lopez Martinez,Josep"]
[Black "Granda Zuniga,J"]
[Result "1/2-1/2"]
[WhiteElo "2543"]
[BlackElo "2639"]

1.e4 e5 2.Nf3 Nc6 3.Bb5 Nf6 4.Bxc6 dxc6 5.d3 Bd6 6.h3 Nd7 7.Be3 c5 8.Nfd2 Nf8
9.Nc3 Ne6 10.Nc4 O-O 11.Qd2 a6 12.a4 b6 13.O-O Bb7 14.Ne2 f5 15.exf5 Rxf5
16.Nc3 Rf6 17.Ne4 Rg6 18.f3 Nd4 19.Bxd4 exd4 20.f4 b5 21.Ncxd6 cxd6 22.f5 Rh6
23.Rf4 bxa4 24.Rxa4 Bxe4 25.dxe4 Rh4 26.Qf2 Rxf4 27.Qxf4 Qb6 28.b3 Re8 29.Qf1 a5
30.Qc4+ Kf8 31.Qd5 d3 32.Kh2 dxc2 33.Rc4 Re5 34.Qd3 d5 35.exd5 Qd6 36.Qg3 Qxd5
37.Rxc2 Rxf5 38.Ra2 Qd8 39.Qc3 Qd6+ 40.Qg3 Qb6 41.Ra4 h6 42.Qc3 Qd6+ 43.Qg3 Qd8
44.Qe1 Qb8+ 45.Qg3 Qd8 46.Qe1 Qb8+ 47.Qg3 Qd8  1/2-1/2

[Event "Tch-ESP CECLUB GpA"]
[Site "Burguillos ESP"]
[Date "2010.08.10"]
[Round "2"]
[White "Rusev,K"]
[Black "Granda Zuniga,J"]
[Result "0-1"]
[WhiteElo "2543"]
[BlackElo "2639"]

1.d4 Nf6 2.c4 e6 3.Nf3 b6 4.g3 Bb7 5.Bg2 Be7 6.O-O O-O 7.Re1 d6 8.Qc2 c5
9.e4 cxd4 10.Nxd4 Nbd7 11.Nc3 Qc7 12.b3 a6 13.Bb2 Rfe8 14.Rad1 Bf8 15.Qd2 Rad8
16.Kh1 Qb8 17.Qe2 Qa8 18.Kg1 Nc5 19.Qc2 g6 20.Qb1 Bg7 21.f3 Qb8 22.Nc2 Ba8
23.Qa1 Nh5 24.Ne2 b5 25.cxb5 axb5 26.Bxg7 Nxg7 27.Nb4 e5 28.Nc3 Nge6 29.Ncd5 Kg7
30.h4 Na6 31.Nc2 Bxd5 32.exd5 Nec5 33.Kh2 Rc8 34.Rd2 Qb6 35.h5 Qa5 36.Ree2 Nb4
37.Nxb4 Qxb4 38.Qb2 f6 39.Rd1 Ra8 40.Bh3 Ra7 41.f4 Rea8 42.fxe5 fxe5 43.Rf1 Rxa2
44.Qxa2 Rxa2 45.Rxa2 Qxb3 46.Ra7+ Kh6 47.Bg2 Qc2 48.hxg6 hxg6 49.Rc7 e4 50.Rf4 e3
51.Kh3 e2 52.Rh4+ Kg5 53.Rg4+ Kf6 54.Be4 Qxe4  0-1

[Event "Tch-ESP CECLUB GpA"]
[Site "Burguillos ESP"]
[Date "2010.08.12"]
[Round "4"]
[White "Wojtaszek,R"]
[Black "Granda Zuniga,J"]
[Result "1-0"]
[WhiteElo "2663"]
[BlackElo "2639"]

1.d4 Nf6 2.c4 e6 3.Nc3 Bb4 4.e3 c5 5.Ne2 b6 6.a3 Ba5 7.Rb1 Na6 8.g3 Bb7 9.d5 b5
10.Bg2 bxc4 11.O-O O-O 12.e4 Re8 13.dxe6 Rxe6 14.Bg5 h6 15.Bxf6 Rxf6 16.Qa4 Nb8
17.Nf4 Nc6 18.Qxc4 Bb6 19.Ncd5 Rd6 20.Rfe1 Ne5 21.Qc3 Qe8 22.Nxb6 axb6 23.Nd5 Ra4
24.f4 Ng6 25.Rbd1 Bxd5 26.exd5 Qf8 27.Re3 Ra8 28.Rde1 Qd8 29.f5 Nf8 30.Re7 Rc8
31.Qe5 Qc7 32.g4 Nh7 33.h4 c4 34.Qd4 Rf8 35.Re8 b5 36.Rxf8+ Nxf8 37.Kf2 Qd8
38.Kg3 g5 39.hxg5 hxg5 40.Qe5 Qb6 41.Rh1 Rf6 42.Bf3 Kg7 43.Kg2 Nh7 44.Qh2 Rh6
45.Qxh6+ Qxh6 46.Rxh6 Kxh6 47.d6 Nf6 48.Kf2 Ne8 49.Ke3 Nxd6 50.Kd4 Kg7 51.Kc5 c3
52.bxc3 Nc4 53.a4 Ne5 54.a5  1-0

[Event "Tch-ESP CECLUB GpA"]
[Site "Burguillos ESP"]
[Date "2010.08.13"]
[Round "5"]
[White "Granda Zuniga,J"]
[Black "Iturrizaga,E"]
[Result "1-0"]
[WhiteElo "2639"]
[BlackElo "2614"]

1.d4 Nf6 2.c4 e6 3.Nc3 Bb4 4.e3 b6 5.Ne2 Bb7 6.a3 Bd6 7.f3 c5 8.d5 exd5 9.cxd5 Be5
10.g3 O-O 11.Bg2 d6 12.f4 Bxc3+ 13.Nxc3 Nbd7 14.g4 c4 15.g5 Ne8 16.O-O Nc5
17.e4 f5 18.gxf6 Qxf6 19.Be3 Nd3 20.Qd2 Nc7 21.b3 Ba6 22.b4 Rae8 23.Ra2 Rf7
24.Ne2 Bc8 25.Rc2 b5 26.Bxa7 Bg4 27.Nc3 Nxf4 28.Rxf4 Qxf4 29.Qxf4 Rxf4 30.Bb6 Rf7
31.Bxc7 Rxc7 32.Nxb5 Rd7 33.Nc3 Rb8 34.b5 Ra7 35.a4 Kf7 36.Kf2 Kf6 37.Ke3 Ke5
38.Rb2 Bd1 39.Rb4 Bb3 40.Bf1 Rc7 41.a5 g5 42.b6 Rc5 43.Rb5 h5 44.Rxc5 dxc5
45.Nb5 g4 46.Be2 Ba4 47.Na3 Bb3 48.Bxc4 Rf8 49.b7 h4 50.a6  1-0

[Event "Tch-ESP CECLUB Titulo"]
[Site "Burguillos ESP"]
[Date "2010.08.15"]
[Round "2"]
[White "Alvarez Pedraza,A"]
[Black "Granda Zuniga,J"]
[Result "1-0"]
[WhiteElo "2496"]
[BlackElo "2639"]

1.d4 Nf6 2.c4 e6 3.Nc3 Bb4 4.e3 O-O 5.Ne2 Re8 6.a3 Bf8 7.g3 d5 8.cxd5 exd5
9.Bg2 a5 10.O-O Ra6 11.Nf4 Rd6 12.b4 Nc6 13.b5 Ne7 14.a4 Ng6 15.Nxg6 hxg6
16.Ba3 Rde6 17.Bxf8 Kxf8 18.Qb3 Rd6 19.Rfc1 g5 20.Nd1 b6 21.Nb2 Bf5 22.Nd3 Ne4
23.Ra2 f6 24.g4 Be6 25.f3 Kg8 26.Ne1 Rd7 27.fxe4 dxe4 28.Qa3 Bxa2 29.Qxa2+ Kh8
30.Qc4 g6 31.Qc6 Kg7 32.Nc2 f5 33.gxf5 gxf5 34.Na3 Rde7 35.Bh3 g4 36.Bf1 Rf8
37.Rc2 f4 38.Rg2 g3 39.exf4 Qxd4+ 40.Kh1 Rf6 41.Rxg3+ Kf8 42.Qc4 Qxc4 43.Nxc4 Rxf4
44.Ne3 Rd7 45.Bc4 Rf3 46.Kg2 Rd2+ 47.Kh3 Rdf2 48.Bd5 Re2 49.Nc4 Rd3 50.Bc6 Ra2
51.Kg4 Rxa4 52.Ne3 Ra2 53.Kf5 Rxh2 54.Bd5 Ke7 55.Kxe4 Rc3 56.Nf5+  1-0

[Event "39th Olympiad Men"]
[Site "Khanty-Mansiysk RUS"]
[Date "2010.09.23"]
[Round "3"]
[White "Granda Zuniga,J"]
[Black "Nepomniachtchi,I"]
[Result "1/2-1/2"]
[WhiteElo "2636"]
[BlackElo "2706"]

1.c4 Nf6 2.Nc3 d5 3.cxd5 Nxd5 4.g3 g6 5.Qa4+ Bd7 6.Qh4 Bc6 7.Nf3 Bg7 8.Bg2 Nxc3
9.dxc3 e5 10.Qxd8+ Kxd8 11.b3 Nd7 12.O-O f6 13.Rd1 Ke8 14.Bb2 Rd8 15.c4 Bf8
16.Ne1 Bxg2 17.Kxg2 Be7 18.Nc2 Kf7 19.Bc3 Nc5 20.f3 Ke6 21.e4 c6 22.Kf1 h5
23.Rxd8 Rxd8 24.Ke2 h4 25.Be1 hxg3 26.hxg3 Rh8 27.Bf2 Rh2 28.Ne3 a5 29.Rd1 Rh8
30.Nf1 Na6 31.f4 Bc5 32.Bxc5 Nxc5 33.Kf3 exf4 34.gxf4 Rh3+ 35.Kg4 Rc3 36.f5+ gxf5+
37.exf5+ Ke7 38.Nd2 Nd3 39.Ne4 Ne5+ 40.Kh4 Rc2 41.Rd6 Nf3+ 42.Kh5 Rh2+ 43.Kg4 Ng5
44.Rxf6 Nxe4 45.Re6+ Kf7 46.Rxe4 Rxa2 47.Rd4 b5  1/2-1/2

[Event "39th Olympiad Men"]
[Site "Khanty-Mansiysk RUS"]
[Date "2010.09.24"]
[Round "4"]
[White "Zhao Zong Yuan"]
[Black "Granda Zuniga,J"]
[Result "1/2-1/2"]
[WhiteElo "2583"]
[BlackElo "2636"]

1.d4 d5 2.Nf3 Nf6 3.c4 dxc4 4.e3 e6 5.Bxc4 c5 6.O-O Nc6 7.Nc3 a6 8.Qe2 b5
9.Bb3 Bb7 10.Rd1 Qb6 11.d5 Na5 12.e4 c4 13.Bc2 Bc5 14.Bg5 O-O 15.Bxf6 gxf6
16.e5 f5 17.Ng5 h6 18.Nce4 Bxd5 19.Nf6+ Kg7 20.Rxd5 exd5 21.Qf3 hxg5 22.Qxf5 Rfd8
23.Qxg5+ Kf8 24.Nh7+ Ke8 25.Nf6+ Kf8 26.Nh7+ Ke8  1/2-1/2

[Event "39th Olympiad Men"]
[Site "Khanty-Mansiysk RUS"]
[Date "2010.09.25"]
[Round "5"]
[White "Zhigalko,S"]
[Black "Granda Zuniga,J"]
[Result "1/2-1/2"]
[WhiteElo "2640"]
[BlackElo "2636"]

1.e4 e6 2.d3 d5 3.Nd2 Nf6 4.Ngf3 Be7 5.g3 O-O 6.Bg2 c5 7.O-O Nc6 8.Re1 b5
9.e5 Ne8 10.Nf1 a5 11.h4 b4 12.N1h2 a4 13.Ng4 Kh8 14.a3 bxa3 15.Rxa3 c4 16.Ra1 cxd3
17.Qxd3 Nb4 18.Qd1 Bd7 19.Bf4 Qb6 20.h5 Rc8 21.c3 Na6 22.h6 Rg8 23.Qc2 g5
24.Be3 Nc5 25.Qd2 Qd8 26.Nd4 Nc7 27.Rad1 Nb5 28.Nf6 Bxf6 29.exf6 Nxd4 30.Qxd4 Nb3
31.Qe5 Na5 32.Bf1 Nc6 33.Qd6 Qc7 34.Qxc7 Rxc7 35.c4 Ne5 36.Be2 Nxc4 37.Bxc4 Rxc4
38.Rc1 Bb5 39.Rxc4 Bxc4 40.Ra1 Bb3 41.Rc1 Bc4 42.Ra1 Ra8 43.Bxg5 Kg8 44.Bf4 Kf8
45.Be5 Ke8 46.f3 Kd7 47.Kf2 Kc6 48.g4 Kb5 49.g5 Bd3 50.Ke3 Bg6 51.Ra3  1/2-1/2

[Event "39th Olympiad Men"]
[Site "Khanty-Mansiysk RUS"]
[Date "2010.09.27"]
[Round "6"]
[White "Granda Zuniga,J"]
[Black "Gelfand,B"]
[Result "1/2-1/2"]
[WhiteElo "2636"]
[BlackElo "2751"]

1.d4 d5 2.c4 c6 3.cxd5 cxd5 4.Nc3 Nf6 5.Bf4 Nc6 6.e3 a6 7.Bd3 Bg4 8.Nge2 e6
9.O-O Be7 10.Rc1 O-O 11.Na4 Nd7 12.f3 Bh5 13.Qb3 Ra7 14.Bg3 Bg6 15.Nf4 Na5
16.Qd1 b5 17.Nc3 Bxd3 18.Nxd3 Nc4 19.Qe1 Bd6 20.b3 Bxg3 21.hxg3 Nd6  1/2-1/2

[Event "39th Olympiad Men"]
[Site "Khanty-Mansiysk RUS"]
[Date "2010.09.29"]
[Round "8"]
[White "Stefansson,H"]
[Black "Granda Zuniga,J"]
[Result "1-0"]
[WhiteElo "2585"]
[BlackElo "2636"]

1.e4 c6 2.d4 d5 3.Nd2 dxe4 4.Nxe4 Bf5 5.Ng3 Bg6 6.h4 h6 7.Nf3 Nd7 8.h5 Bh7
9.Bd3 Bxd3 10.Qxd3 e6 11.Bd2 Ngf6 12.O-O-O Be7 13.Kb1 O-O 14.Qe2 c5 15.d5 Nxd5
16.Ne4 Qb6 17.g4 N7f6 18.g5 Nxe4 19.Qxe4 c4 20.Qxc4 hxg5 21.Ne5 Rac8 22.Qe2 Ba3
23.Nd3 Rc3 24.Bc1 Rfc8 25.Rd2 Be7 26.Ka1 Bf6 27.h6 Qa5 28.Ne5 gxh6 29.Ng4 Bg7
30.Nxh6+ Kf8 31.Qh5 R3c7 32.Qxg5 Rxc2 33.Rxc2 Rxc2 34.Rg1 Bxh6 35.Qxh6+ Ke7
36.Bg5+ Kd7 37.Qf8 Rxf2 38.Rc1 f6 39.Qc8+ Kd6 40.Qb8+ Nc7 41.Be3  1-0

[Event "39th Olympiad Men"]
[Site "Khanty-Mansiysk RUS"]
[Date "2010.10.03"]
[Round "11"]
[White "Granda Zuniga,J"]
[Black "Adly,A"]
[Result "0-1"]
[WhiteElo "2636"]
[BlackElo "2630"]

1.d4 d5 2.c4 e6 3.Nc3 Nf6 4.Bg5 Nbd7 5.e3 c6 6.a3 Be7 7.Nf3 O-O 8.Qc2 b6
9.cxd5 cxd5 10.Bd3 Bb7 11.O-O h6 12.Bf4 Rc8 13.Rfc1 a6 14.a4 Rc6 15.Qe2 Qa8
16.Nd2 Bb4 17.h3 Rfc8 18.Bb5 axb5 19.axb5 Rxc3 20.bxc3 Ba5 21.Ra3 Re8 22.Nb3 e5
23.Bh2 Ne4 24.Bxe5 Nxe5 25.dxe5 Rxe5 26.Nxa5 bxa5 27.Rca1 Qc8 28.Rxa5 Rg5
29.f3 Nxc3 30.Qd3 d4 31.exd4 Nd5 32.Qd2 Rg6 33.Kh1 Nb6 34.Rc1 Qf5 35.Qe2 Rxg2
36.Kxg2 Qg5+ 37.Kf2 Qxc1 38.Qe8+ Kh7 39.Qxf7 Qd2+ 40.Kg3 Qg5+  0-1

[Event "III Iberoamerican A"]
[Site "Mexico City MEX"]
[Date "2010.11.14"]
[Round "2"]
[White "Baules,J"]
[Black "Granda Zuniga,J"]
[Result "1-0"]
[WhiteElo "2349"]
[BlackElo "2627"]

1.d4 Nf6 2.c4 e6 3.Nc3 Bb4 4.Qc2 O-O 5.a3 Bxc3+ 6.Qxc3 b6 7.Bg5 Bb7 8.f3 d5
9.e3 Nbd7 10.cxd5 exd5 11.Bd3 h6 12.Bh4 Re8 13.Ne2 c5 14.O-O Qe7 15.Bf2 a5
16.Rae1 c4 17.Bb1 b5 18.Ng3 b4 19.Qc2 bxa3 20.e4 Nf8 21.e5 N6d7 22.Nf5 Qb4
23.bxa3 Qxa3 24.Re3 Qb4 25.f4 Ra6 26.Rg3 Rg6 27.Rxg6 fxg6 28.Nd6 Rb8 29.f5 Qb3
30.e6 Nf6 31.e7 N8h7 32.Qe2 Ng5 33.e8=Q+ Nxe8 34.Nxe8 Bc6 35.Nxg7 Qxb1 36.Rxb1 Rxb1+
37.Be1 Ne4 38.Ne6 c3 39.h4 gxf5 40.Kh2 Bd7 41.Nf4 c2 42.Qxc2 Rxe1 43.Qc7 Nf6
44.Nxd5 Ng4+ 45.Kg3 Be6 46.Qd8+ Kg7 47.Qe7+ Kg8 48.Nf6+ Nxf6 49.Qxf6 a4 50.d5 Bf7
51.d6 Be6 52.Qd8+  1-0

[Event "III Iberoamerican A"]
[Site "Mexico City MEX"]
[Date "2010.11.17"]
[Round "5"]
[White "Santos Flores,A"]
[Black "Granda Zuniga,J"]
[Result "0-1"]
[WhiteElo "2338"]
[BlackElo "2627"]

1.d4 d5 2.c4 e6 3.Nf3 Nf6 4.Nc3 dxc4 5.e3 a6 6.a4 c5 7.Bxc4 Nc6 8.O-O Be7
9.Qe2 O-O 10.Rd1 Qc7 11.b3 b6 12.d5 exd5 13.Nxd5 Nxd5 14.Bxd5 Bb7 15.Bb2 Rad8
16.Qc4 Rd6 17.Qg4 Bf6 18.Bxf6 Rxf6 19.Qe4 h6 20.Rd2 Bc8 21.Rc1 a5 22.Bxc6 Rxc6
23.Nd4 Rg6 24.Nb5 Qb8 25.Qe7 Qa8 26.e4 Re6 27.Nc7 Qb7 28.Nxe6 Qxe7 29.Nxf8 Kxf8
30.Rcd1 Qc7 31.f3 Ke7 32.Rd3 Be6 33.Rc1 Qe5 34.Rb1 c4 35.bxc4 Bxc4 36.Rd2 Qc3
37.Rbd1 Bb3 38.Rd7+ Ke6 39.R1d6+ Ke5  0-1

[Event "4th Pedro Montalvo Mem"]
[Site "Las Palmas ESP"]
[Date "2011.04.18"]
[Round "1"]
[White "Aguilera Suarez,A"]
[Black "Granda Zuniga,J"]
[Result "0-1"]
[WhiteElo "1829"]
[BlackElo "2615"]

1.e4 c5 2.Nf3 d6 3.d4 cxd4 4.Qxd4 a6 5.Be3 Nc6 6.Qb6 Qxb6 7.Bxb6 Bg4 8.Nd4 Nf6
9.f3 Nd7 10.Nxc6 bxc6 11.Bd4 e5 12.Be3 Be6 13.c4 g6 14.Nc3 f5 15.O-O-O f4
16.Bf2 Be7 17.b3 Kd8 18.Kc2 Kc7 19.Na4 a5 20.g3 Rhf8 21.Be2 g5 22.g4 h5 23.gxh5 Nf6
24.h4 g4 25.fxg4 Nxg4 26.Bb6+ Kb7 27.Bf3 c5 28.Rdg1 Rg8 29.h6 Nxh6 30.Rxg8 Rxg8
31.Bxa5 Rg3 32.Rf1 Bh3 33.Rf2 Bxh4 34.Bd2 Bg4 35.Bxg4 Nxg4 36.Rf1 Rg2 37.Nc3 Ne3+  0-1

[Event "4th Pedro Montalvo Mem"]
[Site "Las Palmas ESP"]
[Date "2011.04.19"]
[Round "2"]
[White "Granda Zuniga,J"]
[Black "Rodriguez Lapetra,P"]
[Result "1-0"]
[WhiteElo "2615"]
[BlackElo "2105"]

1.d4 Nf6 2.Nf3 g6 3.g3 Bg7 4.Bg2 O-O 5.O-O d5 6.c4 dxc4 7.Na3 c3 8.bxc3 c5
9.e3 Nc6 10.Qe2 Bf5 11.Rd1 Qa5 12.Bb2 Rfd8 13.h3 Be4 14.Bf1 a6 15.Nc4 Qc7
16.Ncd2 b5 17.Ng5 Bc2 18.Rdc1 Ba4 19.Nge4 Nxe4 20.Nxe4 cxd4 21.cxd4 Rac8
22.Nc5 Qb6 23.Rab1 Na5 24.Bc3 Rxc5 25.Bxa5 Qxa5 26.Rxc5 e5 27.dxe5 Bf8 28.Rc6 Rd2
29.Qf3 Bc2 30.e6 fxe6 31.Rc8 Qa3 32.Rb2  1-0

[Event "4th Pedro Montalvo Mem"]
[Site "Las Palmas ESP"]
[Date "2011.04.20"]
[Round "3"]
[White "Gutierrez Olivares,D"]
[Black "Granda Zuniga,J"]
[Result "0-1"]
[WhiteElo "2205"]
[BlackElo "2615"]

1.c4 c5 2.Nc3 Nf6 3.g3 d5 4.cxd5 Nxd5 5.Bg2 Nb6 6.Nf3 Nc6 7.O-O Bg4 8.Ne1 Rc8
9.h3 Bh5 10.b3 e5 11.Bb2 Be7 12.Nc2 O-O 13.Ne3 Re8 14.d3 Bf8 15.Qd2 f6 16.h4 Bf7
17.Rac1 Qd7 18.Kh2 Be6 19.Ne4 Nb4 20.Ba3 a5 21.Nc4 N6d5 22.Nc3 Nxc3 23.Rxc3 Qc7
24.Ne3 Rcd8 25.Rfc1 f5 26.Bh3 g6 27.Bxb4 axb4 28.R3c2 Rd4 29.Ng2 b6 30.e3 Rd6
31.Qxb4 Rxd3 32.Qb5 Qd8 33.e4 Rd4 34.exf5 gxf5 35.Re1 Bd7 36.Qe2 Qf6 37.Rc3 Bd6
38.Qh5 Qg6 39.Qxg6+ hxg6 40.Ne3 Kf7 41.h5 b5 42.Rcc1 Rh8 43.hxg6+ Kxg6 44.Kg2 Bc6+
45.Kh2 Bf3 46.Nxf5 Rxh3+ 47.Kxh3 Kxf5 48.Re3 e4 49.Rec3 Rd5 50.Rxf3+ exf3
51.Rc3 Ke4 52.Re3+ Kd4 53.Rxf3 c4  0-1

[Event "4th Pedro Montalvo Mem"]
[Site "Las Palmas ESP"]
[Date "2011.04.21"]
[Round "4"]
[White "Granda Zuniga,J"]
[Black "Del Rey,D"]
[Result "1-0"]
[WhiteElo "2615"]
[BlackElo "2364"]

1.Nf3 d5 2.g3 Nf6 3.Bg2 e6 4.c4 Be7 5.cxd5 exd5 6.d4 O-O 7.O-O Ne4 8.Ne5 Nd7
9.Nd3 Bf6 10.e3 c6 11.Nd2 Re8 12.b3 Qa5 13.b4 Qc7 14.Nb3 Nb6 15.f3 Nd6 16.Nf2 Bf5
17.Re1 Bg6 18.e4 dxe4 19.fxe4 Nb5 20.Be3 Be7 21.Nc5 a5 22.Bf4 Bd6 23.a4 Na7
24.Bxd6 Qxd6 25.bxa5 Nc4 26.Nxb7 Qc7 27.a6 Nc8 28.Rc1 Na5 29.Nc5 Na7 30.Qd2 Rad8
31.Qc3 f6 32.e5  1-0

[Event "4th Pedro Montalvo Mem"]
[Site "Las Palmas ESP"]
[Date "2011.04.21"]
[Round "5"]
[White "Strikovic,A"]
[Black "Granda Zuniga,J"]
[Result "1/2-1/2"]
[WhiteElo "2570"]
[BlackElo "2615"]

1.e4 e6 2.d3 c5 3.g3 d5 4.Nd2 Nc6 5.Ngf3 Bd6 6.Bg2 Nge7 7.O-O O-O 8.Re1 b6
9.c3 a5 10.a4 Ba6 11.exd5 exd5 12.Nb3 Qd7 13.d4 Rfd8 14.Be3 c4 15.Nbd2 b5
16.axb5 Bxb5 17.Nh4 Ba6 18.Qh5 Bb7 19.Ndf3 f6 20.Nd2 Bc7 21.b3 cxb3 22.Nxb3 Bb6
23.Nc5 Bxc5 24.dxc5 Ne5 25.Bd4 N5g6 26.Nxg6 hxg6 27.Qe2 Nc6 28.Qc2 Kf7 29.h4 Rab8
30.Bf1 Bc8 31.Qa4 Qc7 32.Reb1 Rxb1 33.Rxb1 Bd7 34.Bg2 Ne7 35.Qa2 Bc6 36.Rb6 a4
37.Be3 Qd7 38.Bf4 Nc8 39.Rb4 Qe6 40.Be3 Ne7 41.Rb6 Nc8 42.Ra6 Qd7 43.c4 Ne7
44.cxd5 Bxd5 45.Bxd5+ Qxd5 46.Qxa4 Nf5 47.Ra7+ Kg8 48.Qa2 Nxe3 49.fxe3 Qxa2
50.Rxa2 Rc8 51.Rc2 Kf7 52.Kf2 Ke6 53.Kf3 Kd5 54.e4+ Kc6 55.Rd2 Re8 56.Rd5 f5
57.Rd6+ Kxc5 58.Rxg6 fxe4+ 59.Ke3 Re7 60.Rg5+ Kd6 61.Rg6+ Ke5 62.Rg4 Kd5
63.Rf4 Ra7 64.Rf5+ Ke6 65.Rg5 Kf6 66.Kxe4 g6 67.Rd5 Ra4+ 68.Ke3 Ra3+ 69.Kf4 Ra4+
70.Kf3 Ra3+ 71.Kg4 Ra4+ 72.Kh3 Ra3 73.Rb5 Rc3 74.Rb4 Kg7 75.Kg4 Rc1 76.Kf4 Rf1+
77.Ke4  1/2-1/2

[Event "4th Pedro Montalvo Mem"]
[Site "Las Palmas ESP"]
[Date "2011.04.22"]
[Round "7"]
[White "Barlov,D"]
[Black "Granda Zuniga,J"]
[Result "1/2-1/2"]
[WhiteElo "2472"]
[BlackElo "2615"]

1.Nf3 d5 2.e3 Nf6 3.c4 c6 4.Qc2 g6 5.d4 Bf5 6.Bd3 Bxd3 7.Qxd3 Bg7 8.O-O O-O
9.Nc3 Na6 10.Rd1 Nc7 11.a3 Re8 12.b3 Qd7 13.Bb2 Rad8 14.Qe2 Qf5 15.Rac1 Ne4
16.Nxe4 dxe4 17.Nd2 e5 18.dxe5 Bxe5 19.Nf1 Ne6 20.b4 Qf6 21.Bxe5 Qxe5 22.Qc2 c5
23.Ng3 f5 24.Rxd8 Rxd8 25.Rd1  1/2-1/2

[Event "4th Pedro Montalvo Mem"]
[Site "Las Palmas ESP"]
[Date "2011.04.23"]
[Round "8"]
[White "Granda Zuniga,J"]
[Black "Perez Felipe,M"]
[Result "1-0"]
[WhiteElo "2615"]
[BlackElo "2310"]

1.d4 Nf6 2.c4 e6 3.Nc3 Bb4 4.e3 O-O 5.Ne2 Ne4 6.Qc2 f5 7.a3 Bxc3+ 8.Nxc3 Nxc3
9.Qxc3 d6 10.Be2 Qf6 11.O-O Nc6 12.b4 e5 13.Bb2 f4 14.dxe5 Nxe5 15.exf4 Qxf4
16.c5 Rf6 17.Rad1 Bg4 18.Rd4 Qxd4 19.Qxd4 Bxe2 20.Re1 Nf3+ 21.gxf3 Rg6+ 22.Qg4 Re8
23.cxd6 cxd6 24.h3 Rxg4+ 25.fxg4 h5 26.f3 hxg4 27.hxg4 Bb5 28.Rc1 Re2 29.Bd4 Bc6
30.Rc3 a6 31.Bf2 Kf7 32.Kg2 g5 33.Kg3 Ke6 34.Bb6 Ke5 35.Bd8 d5 36.Bxg5 d4
37.Rd3 Bb5 38.Rd1 Ba4 39.Rd2 Rxd2 40.Bxd2 Bc6 41.f4+ Ke4 42.f5 Bd7 43.Bh6 b5
44.Bg7 d3 45.Bh6 Bc8 46.Bd2 Bd7 47.Bc1 Bc8 48.Kh4 Bxf5 49.gxf5 Kxf5 50.Kg3 Ke4
51.Bd2 Kd4 52.Kf2 Kc4 53.Ke3 a5 54.Ke4 a4 55.Ke3 Kb3 56.Kxd3 Kxa3 57.Kd4 Kb3
58.Kc5 a3  1-0

[Event "I Bahia Feliz GM"]
[Site "Bahia Feliz ESP"]
[Date "2011.05.12"]
[Round "1"]
[White "Granda Zuniga,J"]
[Black "Mecking,H"]
[Result "1/2-1/2"]
[WhiteElo "2614"]
[BlackElo "2577"]

1.Nf3 Nf6 2.c4 g6 3.Nc3 Bg7 4.e4 d6 5.d4 O-O 6.Be2 e5 7.O-O Nc6 8.Be3 Ng4
9.Bg5 f6 10.Bh4 h5 11.d5 Ne7 12.Ne1 c5 13.Nc2 Nh6 14.Bg3 Nf7 15.h3 Bd7 16.Bd3 f5
17.exf5 Nxf5 18.Qe2 Qe7 19.Rae1 Rae8 20.Bh2 Qd8 21.Qd1 Nh4 22.Ne3 Nh6 23.Ne4 Nf7
24.Kh1 Nf5 25.b3 Bc8 26.Nxf5 Bxf5 27.Ng3 Bxd3 28.Qxd3 h4 29.Ne4 Nh6 30.g4 g5
31.f3 Nf7 32.Bg1 b6 33.Be3 Bf6 34.a3 Be7 35.b4 Kg7 36.bxc5 bxc5 37.Rb1 Qc7
38.Rb5 Rb8 39.Rfb1 Rb6 40.Bd2 Rfb8 41.Kg2 Qc8 42.a4 Bd8 43.a5 R6b7 44.Qb3 Rxb5
45.cxb5 Qd7 46.Qd3 Kh6 47.Kf2 Rb7 48.Ke1 Rb8 49.Kd1 Rb7 50.Qc4 Nh8 51.Kc2 Nf7
52.Rb3 Rb8 53.Kb2 Rb7 54.Ka3 Rb8 55.Qa4 Qb7 56.Qc4 Qd7 57.Qa4 Qb7 58.Nc3 Qc7
59.Nd1 c4 60.Rb4 Qxa5 61.Ne3 Qb6 62.Nf5+ Kg6 63.Be3 Qb7 64.Qc2 Kf6 65.Qxc4 Rc8
66.Qd3 Bb6 67.Rc4 Rxc4 68.Qxc4 Bxe3 69.Nxe3 Qb6  1/2-1/2

[Event "I Bahia Feliz GM"]
[Site "Bahia Feliz ESP"]
[Date "2011.05.13"]
[Round "2"]
[White "Granda Zuniga,J"]
[Black "Vega Gutierrez,S"]
[Result "1-0"]
[WhiteElo "2614"]
[BlackElo "2306"]

1.c4 e6 2.Nf3 d5 3.g3 Nf6 4.Bg2 dxc4 5.Qa4+ c6 6.Qxc4 b5 7.Qb3 Bb7 8.O-O Nbd7
9.d4 a6 10.Ne5 Nd5 11.Nxd7 Qxd7 12.Nc3 Nf6 13.Rd1 Be7 14.Bg5 O-O 15.Rac1 Rfd8
16.e3 Rac8 17.Bxf6 Bxf6 18.Ne4 Be7 19.Nc5 Bxc5 20.Rxc5 Qe7 21.h4 Rd6 22.Be4 h6
23.Rdc1 Qd7 24.h5 Re8 25.Qc3 Rc8 26.a4 Qe8 27.a5 Qd8 28.Kf1 Qd7 29.Ke1 Kf8
30.Kd2 Ke7 31.Kc2 Kd8 32.Kb1 Kc7 33.g4 f6 34.f4 Kb8 35.g5 fxg5 36.fxg5 hxg5
37.Rxg5 Qe8 38.Rxg7 Qxh5 39.Rh1 Qe2 40.Qc5  1-0

[Event "I Bahia Feliz GM"]
[Site "Bahia Feliz ESP"]
[Date "2011.05.14"]
[Round "3"]
[White "Kindermann,S"]
[Black "Granda Zuniga,J"]
[Result "1-0"]
[WhiteElo "2515"]
[BlackElo "2614"]

1.e4 e5 2.Nf3 Nc6 3.Bb5 Nf6 4.d3 d6 5.c3 Bd7 6.Nbd2 a6 7.Ba4 g6 8.Nf1 Bg7
9.Ng3 b5 10.Bc2 O-O 11.O-O Re8 12.Re1 Qb8 13.h3 a5 14.a4 b4 15.d4 bxc3 16.bxc3 exd4
17.cxd4 Nb4 18.Bb3 Be6 19.Rb1 Bxb3 20.Qxb3 Qb7 21.e5 Nfd5 22.Bd2 Qa6 23.Bxb4 Nxb4
24.Ne4 dxe5 25.Neg5 Re7 26.Nxe5 Qf6 27.Ngf3 Rd8 28.Rec1 Qf5 29.Qc4 Bxe5 30.Nxe5 Kg7
31.Qc5 Re6 32.Nf3 Rd5 33.Qxc7 Nd3 34.Rf1 Nf4 35.Rb3 Ne2+ 36.Kh1 Nxd4 37.Nxd4 Rxd4
38.Rf3  1-0

[Event "I Bahia Feliz GM"]
[Site "Bahia Feliz ESP"]
[Date "2011.05.15"]
[Round "4"]
[White "Granda Zuniga,J"]
[Black "Mateo,Ra"]
[Result "0-1"]
[WhiteElo "2614"]
[BlackElo "2422"]

1.Nf3 c5 2.c4 Nc6 3.g3 Nf6 4.Bg2 d5 5.cxd5 Nxd5 6.Nc3 Nc7 7.d3 e5 8.O-O Be7
9.Nd2 Bd7 10.Nc4 f6 11.f4 b5 12.Ne3 exf4 13.gxf4 O-O 14.Ned5 Rb8 15.Be3 Nxd5
16.Bxd5+ Kh8 17.Bf2 Nd4 18.e3 Bh3 19.Re1 b4 20.exd4 bxc3 21.Qf3 cxb2 22.Rab1 Bf5
23.dxc5 Rb5 24.Bc4 Rxc5 25.Rxb2 Rc7 26.Rb7 Bg4 27.Qg2 Bc8 28.Rxa7 Rxa7 29.Bxa7 Bd6
30.Qc6 Bg4 31.Bb6 Qb8 32.Bc5 Bxc5+ 33.Qxc5 Rc8 34.Qe3 h6 35.Kg2 Bh5 36.Kg3 Qb4
37.f5 Qb8+ 38.Qf4 Qb2 39.Kh4 Be8 40.Re7 Qb4 41.Qc7 Rxc7  0-1

[Event "I Bahia Feliz GM"]
[Site "Bahia Feliz ESP"]
[Date "2011.05.16"]
[Round "5"]
[White "Nyzhnyk,I"]
[Black "Granda Zuniga,J"]
[Result "1-0"]
[WhiteElo "2583"]
[BlackElo "2614"]

1.d4 d5 2.c4 dxc4 3.e4 e5 4.Nf3 Bb4+ 5.Nbd2 c3 6.bxc3 Bxc3 7.Rb1 exd4 8.Bc4 Nd7
9.Ba3 Nh6 10.O-O Nb6 11.Rb5 Be6 12.Bxe6 fxe6 13.Qb3 Qf6 14.Re5 Kd7 15.Nb1 Nf7
16.Rc5 Rad8 17.Nxc3 dxc3 18.Nd4 Kc8 19.Nxe6 Rd7 20.Rf5 Qh6 21.Nc5 Nd6 22.Nxd7 Nxf5
23.Nxb6+ Qxb6 24.Qxb6 axb6 25.exf5 Rd8 26.Rc1  1-0